书目信息 |
| 题名: |
现代测试技术与系统集成
|
|
| 作者: | 刘君华 , 申忠如 , 郭福田 编著 | |
| 分册: | ||
| 出版信息: | 北京 电子工业出版社 2005.01 |
|
| 页数: | viii, 358页 | |
| 开本: | 26cm | |
| 丛书名: | 高等学校电子信息类教材 | |
| 单 册: | ||
| 中图分类: | TP274 | |
| 科图分类: | ||
| 主题词: | 自动检测系统--高等学校--教材 | |
| 电子资源: | ||
| ISBN: | 7-121-00446-1 | |
| 000 | 01133nam 2200289 450 | |
| 001 | 0142655522 | |
| 005 | 20051018082736.02 | |
| 010 | @a7-121-00446-1@dCNY29.80 | |
| 100 | @a20041227d2005 km y0chiy0120 ea | |
| 101 | 0 | @achi |
| 102 | @aCN@b110000 | |
| 105 | @aa a 000yy | |
| 200 | 1 | @a现代测试技术与系统集成@Axian dai ce shi ji shu yu xi tong ji cheng@f刘君华, 申忠如, 郭福田编著@Fliu jun hua,shen zhong ru,guo fu tian bian zhu |
| 210 | @a北京@c电子工业出版社@d2005.01 | |
| 215 | @aviii, 358页@c图@d26cm | |
| 225 | 2 | @a高等学校电子信息类教材 |
| 320 | @a有书目 (第357-358页)。 | |
| 330 | @a本书是一部有关自动检测系统的教材。书中全面系统地论述了以计算机为核心的现代测试系统集成设计的基本方法与基础理论,介绍了基本硬件模块、传感器、调理电路、数据采集等。 | |
| 333 | @a自动检测系统学习者、高等院校相关专业师生及普通读者。 | |
| 410 | 0 | @12001 @a高等学校电子信息类教材 |
| 606 | 0 | @a自动检测系统@x高等学校@x教材 |
| 690 | @aTP274@v4 | |
| 701 | 0 | @a刘君华@Aliu jun hua@4编著 |
| 701 | 0 | @a申忠如@Ashen zhong ru@4编著 |
| 701 | 0 | @a郭福田@Aguo fu tian@4编著 |
| 801 | 0 | @aCN@bbQSSK@c20051018 |
| 905 | @a10447@dTP274@eL632 | |
| 现代测试技术与系统集成/刘君华, 申忠如, 郭福田编著.-北京:电子工业出版社,2005.01 |
| viii, 358页:图;26cm.-(高等学校电子信息类教材) |
| 使用对象:自动检测系统学习者、高等院校相关专业师生及普通读者。 |
| ISBN 7-121-00446-1:CNY29.80 |
| 本书是一部有关自动检测系统的教材。书中全面系统地论述了以计算机为核心的现代测试系统集成设计的基本方法与基础理论,介绍了基本硬件模块、传感器、调理电路、数据采集等。 |
| ● |
| 相关链接 |
|
|
|
正题名:现代测试技术与系统集成
索取号:TP274/L632
 
预约/预借
| 序号 | 登录号 | 条形码 | 馆藏地/架位号 | 状态 | 备注 |
| 1 | 570992 | 205709928 | 自科库301/301自科库 42排4列5层/ [索取号:TP274/L632] | 在馆 | |
| 2 | 570993 | 205709937 | 自科库301/301自科库 42排4列5层/ [索取号:TP274/L632] | 在馆 |